| 000 | 00705nam a2200229Ia 4500 | ||
|---|---|---|---|
| 001 | 9528 | ||
| 003 | GE_BSU | ||
| 008 | 181216s||||||||xx |||||||||||||| ||und|| | ||
| 040 | _cGE_BSU | ||
| 080 | _a821.353.1–31 | ||
| 100 | _aმაღლაფერიძე,თეიმურაზ | ||
| 245 | _aგაულ გავხე | ||
| 245 | _bრომანი | ||
| 245 | _cრედ.ნ.ლორთქიფანიძე.;მხატვ.ვ. არაბიძე | ||
| 260 | _aთბილისი | ||
| 260 | _bნაკადული | ||
| 260 | _c1976 | ||
| 300 | _a158გვ.ილ.19სმ | ||
| 653 | _aგაულ გავხე | ||
| 653 | _aრომანი | ||
| 942 | _cBK | ||
| 999 |
_c42822 _d42822 |
||